| 000 | 00529nam a2200169 i 4500 | ||
|---|---|---|---|
| 001 | 39513 | ||
| 003 | ES-MaACL | ||
| 005 | 20230906160018.0 | ||
| 007 | t| | ||
| 008 | 030303s1971 sp ||||1| spa d | ||
| 245 | 0 | 0 |
_aCancionero de las dos Castillas / _crecopilado por Juan Hidalgo Montoya ; ilustraciones de Sanz del Hoyo. |
| 260 |
_aMadrid : _bCarmona, _c[1971] |
||
| 300 |
_a154 p. : _bil. ; _c22 cm. |
||
| 700 | 1 |
_aHidalgo Montoya, Juan. _963597 |
|
| 700 | 1 |
_aSanz del Hoyo. _9103632 |
|
| 852 |
_aES-MaACL _jC-45616 _bR.77400 |
||
| 999 |
_c39513 _d39513 |
||